000 00458nam a22001577a 4500
005 20231129132138.0
008 231129b |||||||| |||| 00| 0 eng d
041 _aEnglish
082 _a340.06 LAW
100 _aHurworth, D and Brand, G
_lEnglish
245 _aLaw Society VAT Seminar /
_cD Hurworth and G Brand
260 _c2000
300 _b15 pages ;
_c30,3 cm.
650 _aLegal practice
_bLaw
942 _cBK
_6ALISON_BN_VRIES
999 _c1053
_d1053